00781nam a2200205Ia 4500003000400000005001700004008004100021020001800062040001800080041000800098082002100106100003200127245017800159250001200337260004400349300002600393650003600419650006400455650005600519OSt20250303144916.0210716s2017 xx 000 0 und d a9781785887949 cAIMIT LIBRARY aeng a006.67122bGONJ aGonzalez, Javier Fernandez. aMastering concurrency programming with java 9 :bperfect the art of faster and more effective programming with parallel and reactive streams /cBy Javier Fernandez Gonzalez. a2nd ed. aMumbai :bPackt Publishing Ltd ,c2017. axi,493p. ;bPBc24 cm aGetting the most from executors aGetting data from tasks -the callable and future interfaces aRunning tasks divided into phases- the phaser class